| 000 | 00365nam a2200109Ia 4500 | ||
|---|---|---|---|
| 008 | 151021s9999 xx 000 0 und d | ||
| 020 | _a9966740112 | ||
| 245 | _a_Accounting Technicians Certificate Examination Information Booklet, Regulations and Syllabus / KASNEB | ||
| 260 | _aNairobi : Kasneb, 2009 | ||
| 300 | _axvi,31 p. | ||
| 980 | _a^d20110513 11:50:04^okilerai | ||
| 999 |
_c7267 _d7267 |
||